000 00365nam a2200145 i 4500
001 bg
100 1 _aSMATKO, O.A.
245 0 _aElektriceskie i magnitnye svojstva metallov i spllavov /
_cO.A. Smatko, J.V. Usov.
260 _aKiev,
_c1987.
700 1 _aUSOV, J.V.
040 _cBPK
041 _apol
942 _cKS
008 s pl f |000 0 pol
999 _c23786
_d23786
856 _uhttp://koha.tu.koszalin.pl/cgi-bin/koha/opac-detail.pl?biblionumber=23786
_yKatalog online BPK